Snell's principles of equity: Intended for use of students and pactitioners / (Record no. 1000)

000 -LEADER
fixed length control field 00454nam a22001577a 4500
003 - CONTROL NUMBER IDENTIFIER
control field OSt
005 - DATE AND TIME OF LATEST TRANSACTION
control field 20140116120843.0
008 - FIXED-LENGTH DATA ELEMENTS--GENERAL INFORMATION
fixed length control field 120927b xxu||||| |||| 00| 0 eng d
020 ## - INTERNATIONAL STANDARD BOOK NUMBER
International Standard Book Number 9781240176079
040 ## - CATALOGING SOURCE
Original cataloging agency LoC
Language of cataloging English
050 ## - LIBRARY OF CONGRESS CALL NUMBER
Classification number KD674.S64 1925
100 ## - MAIN ENTRY--PERSONAL NAME
Personal name Henry, E.
245 ## - TITLE STATEMENT
Title Snell's principles of equity: Intended for use of students and pactitioners /
Statement of responsibility, etc Edmund Henry Turner
260 ## - PUBLICATION, DISTRIBUTION, ETC. (IMPRINT)
Place of publication, distribution, etc London
Name of publisher, distributor, etc Sweet and Maxwell
Date of publication, distribution, etc 1925
942 ## - ADDED ENTRY ELEMENTS (KOHA)
Source of classification or shelving scheme
Koha item type Book
Holdings
Withdrawn status Lost status Source of classification or shelving scheme Damaged status Not for loan Home library Current library Date acquired Total Checkouts Full call number Barcode Date last seen Date checked out Copy number Price effective from Koha item type
          Riara University Library Riara University Library 27/09/2012 3 KD674.S64 1925 843/11 30/06/2016 28/06/2016 C.1 27/09/2012 Book

Riara University Library,
P.O. Box 49940-00100,
Nairobi, Kenya.